Statistics for All Time Premier League Table

Click here to take the quiz!

General Stats

  • This quiz has been taken 17 times
  • The average score is 13 of 50

Answer Stats

#ClubGamesPts% Correct
2Arsenal1,1522,141
100%
4Liverpool1,1522,109
100%
1Manchester United1,1522,185
100%
3Chelsea1,1522,138
93%
6Manchester City9621,629
93%
5Tottenham Hotspur1,1521,787
93%
7Everton1,1521,574
80%
8Newcastle United1,0341,410
80%
9Aston Villa1,0381,358
53%
10West Ham United9961,258
47%
11Southampton8861,063
40%
12Blackburn Rovers696970
20%
13Leeds United544789
20%
23Norwich City392402
20%
50Swindon Town4230
20%
49Barnsley3835
13%
48Blackpool3839
13%
16Fulham570640
13%
14Leicester City612787
13%
15Middlesbrough574661
13%
43Oldham Athletic8489
13%
31Queens Park Rangers278208
13%
42Reading114119
13%
21Stoke City380457
13%
30Swansea City266312
13%
20West Bromwich Albion494490
13%
27Wolverhampton Wanderers304348
13%
32Birmingham City266301
7%
18Bolton Wanderers494575
7%
38Bournemouth190211
7%
45Bradford City7662
7%
47Brentford3846
7%
39Brighton & Hove Albion190209
7%
29Burnley304325
7%
44Cardiff City7664
7%
26Charlton Athletic304361
7%
22Coventry City354409
7%
19Crystal Palace502564
7%
35Derby County266274
7%
46Huddersfield Town7653
7%
41Hull City190171
7%
37Ipswich Town202224
7%
36Nottingham Forest198239
7%
33Portsmouth266293
7%
40Sheffield United198209
7%
24Sheffield Wednesday316392
7%
17Sunderland608618
7%
34Watford304285
7%
28Wigan Athletic304331
7%
25Wimbledon316391
7%

Score Distribution

Percentile by Number Answered

Percent of People with Each Score

Your Score History

You have not taken this quiz